000 00417nam a2200157 a 4500
001 000031504
005 20200930062957.0
008 110627s1938 dr 000 0 spa d
040 _aDO-SdBNP
_bspa
_cBNPHU
082 _axxx
_bM516
100 1 _aMejía, Félix Antonio,
_957887
245 1 0 _aRecuerdos /
_cFélix Antonio Mejía.
260 _a[s.l] :
_b[s.n.],
_c[1938?].
300 _a70 p. ;
_c24 cm.
049 _aBNPD
999 _c30996
_d30996